000 00753nam a2200241 4500
003 OSt
005 20260601193404.0
008 260422b19711974ag a|||| |||| 00| 0 spa d
040 _aICI
_bspa
_cICI
050 _aHM258
_bO24 1974
245 0 _aLos objetos /
_cAbraham a. moles... y otros. ; traduccion directa del frances Silvia delpy
250 _a2
264 _bTiempo contemporáneo,
_c1974
_aBuenos Aires :
300 _a205 páginas
336 _atexto
_2rdacontent
337 _asin medio
_2rdamedia
338 _avolumen
_2rdacarrier
650 _aSimbolismo en la comunicación
_935321
650 _aComunicación
_xAspectos sociales
_935322
650 _aInteracción social
_935323
700 1 _aMoles, Abraham A.
_935324
942 _2lcc
_cB
999 _c21069
_d21069